| 000 | 00405nam a22001457u 4500 | ||
|---|---|---|---|
| 008 | 130405s1971 xxu||||| |||| 00| 0 spa d | ||
| 041 | _aspa | ||
| 100 | 1 |
_aOliver Molina, Primitivo _928920 |
|
| 245 | 0 | 0 |
_aEl diario de Juan _cPrimitivo Oliver Molina |
| 260 |
_aMadrid: _bStudium, _c1971 |
||
| 300 |
_a181 p. _c;18 cm. |
||
| 650 | 0 | 4 |
_aEspiritualidad _xLecturas cristianas _913375 |
| 942 | _cBK | ||
| 001 | 20498 | ||
| 999 |
_c254176 _d254176 |
||